Mobilizujeme rezervy

Návrh nového spôsobu získavania financií pre rozvojové krajiny v súvislosti s nadchádzajúcou konferenciou o financovaní rozvoja v Mexiku. Spôsob použitia rezerv rozvinutých krajín formou novej svetovej meny. Financovanie deficitov rozvojových krajín a zabezpečenie globálnych verejných statkov.

Guardado en:
Detalles Bibliográficos
Autor principal: Stiglitz, Joseph E.
Formato: Capítulo de libro
Lenguaje:checo
Materias:
Etiquetas: Agregar Etiqueta
Sin Etiquetas, Sea el primero en etiquetar este registro!

MARC

LEADER 00000naa a2200000 4500
001 r044713
005 20231004070253.2
041 0 |a cze 
044 |a CZ 
245 1 0 |a Mobilizujeme rezervy  |c Joseph E. Stiglitz 
520 |a Návrh nového spôsobu získavania financií pre rozvojové krajiny v súvislosti s nadchádzajúcou konferenciou o financovaní rozvoja v Mexiku. Spôsob použitia rezerv rozvinutých krajín formou novej svetovej meny. Financovanie deficitov rozvojových krajín a zabezpečenie globálnych verejných statkov. 
610 2 0 |a spolupráca hospodárska medzinárodná 
610 2 0 |a pomoc rozvojová 
610 2 0 |a styk platobný medzinárodný 
610 2 0 |a rezervy finančné 
100 1 |a Stiglitz, Joseph E.